Combien de fois ces personnages de dragon ball sont mort ? - Statistiques

Statistiques générales
  • Ce quiz a été pris 178 fois
  • Le résultat moyen est 15 sur 15
Statistiques - réponses
Personnages Nombre de mort % Correct
Goku 2
100%
Bulma 1
99%
Vegeta 2
99%
Yamcha 2
99%
Ten shin han 2
99%
Chaozu 3
99%
Krilin 5
99%
Chichi 1
98%
Cell 1
98%
Gohan 1
97%
Trunks 1
97%
Nappa 1
97%
Tortue geniale 2
97%
Freezer 2
97%
Mister Satan 0
96%
Aucun quiz correspondant
Distribution des résultats
% des personnes avec chaque résultat
Percentile par nombre de réponses
Votre historique - résultats
Vous n’avez pas pris ce quiz